| 000 | 00452nam a2200169 a 4500 | ||
|---|---|---|---|
| 005 | 20140412111416.0 | ||
| 008 | 070822s19uu xx 00 eng d | ||
| 020 | _a0-439-26251-8 | ||
| 050 |
_aTR(PS E _bTa13 2002 |
||
| 100 | _aEinhorn, Kama | ||
| 245 |
_aTake a trip to planet Blip / _cKama Einhorn. |
||
| 260 |
_aNew York : _bScholastic, _c2002. |
||
| 300 | _a16p. ; 26 cm | ||
| 440 | _aWord family tales | ||
| 650 | _aip sound | ||
| 999 |
_c105855 _d105855 |
||